| 000 -ლიდერი |
| ფიქსირებული სიგრძის საკონტროლო ველი |
01338nam a2200289Ia 4500 |
| 001 - საკონტროლო ნომერი |
| საკონტროლო ველი |
6592 |
| 003 - საკონტროლო ნომრის იდენტიფიკატორი |
| საკონტროლო ველი |
GE_BSU |
| 005 - ბოლო ოპერაციის თარიღი და დრო |
| საკონტროლო ველი |
20191203143944.0 |
| 008 - ფიქსირებული სიგრძის მონაცემთა ელემენტები - ზოგადი ინფორმაცია |
| ფიქსირებული სიგრძის საკონტროლო ველი |
181216s2009||||ge |||||||||||||| ||geo|| |
| 020 ## - წიგნის საერთაშორისო სტანდარტული ნომერი |
| International Standard Book Number |
9789941409073 |
| 040 ## - კატალოგიზაციის წყარო |
| Transcribing agency |
GE_BSU |
| 041 ## - ენის კოდი |
| Language code of text/sound track or separate title |
geo |
| 080 ## - უნივერსალური ათობითი კლასიფიკაციის ინდექსი |
| Universal Decimal Classification number |
1(479.22) მ-43 |
| 100 ## - მთავარი ჩანაწერი - პიროვნების სახელი |
| Personal name |
მახარაძე, მიხეილ |
| 9 (RLIN) |
5684 |
| 245 ## - ცნობა სათაურის შესახებ |
| Title |
რენესანსი, ჰუმანიზმი და ქართული რენესანსის საკითხები / |
| Statement of responsibility, etc |
მიხეილ მახარაძე ; რედ. გერონტი შუშანაშვილი. |
| 264 ## - წარმოების, გამოცემის, დისტრიბუციის და სხვა ცნობები |
| გამოცემის, წარმოების, დისტრიბუციის... ადგილი |
ბათუმი. |
| გამოცემის, წარმოების, დისტრიბუციის... სახელწოდება |
შოთა რუსთაველის სახ.უნ-ტი, |
| გამოცემის, წარმოების, დისტრიბუციის... თარიღი |
2009. |
| 300 ## - ფიზიკური აღწერა |
| Extent |
218 გვ. ; |
| Other physical details |
18 სმ. |
| 501 ## - შენიშვნა თანმხლებ მასალაზე |
| With note |
საძ.: გვ. 206-216. |
| 520 ## - SUMMARY, ETC. |
| Summary, etc |
რეზ. ინგლ.. |
| 653 ## - INDEX TERM--UNCONTROLLED |
| Uncontrolled term |
ჰუმანიზმი |
| 653 ## - INDEX TERM--UNCONTROLLED |
| Uncontrolled term |
ქართული რენესანსი |
| 653 ## - INDEX TERM--UNCONTROLLED |
| Uncontrolled term |
კულტურის ფილოსოფია |
| 653 ## - INDEX TERM--UNCONTROLLED |
| Uncontrolled term |
ქრისტიანობა |
| 700 ## - ADDED ENTRY--PERSONAL NAME |
| Personal name |
შუშანაშვილი, გერონტი |
| Relator term |
რედაქტორი |
| 9 (RLIN) |
385 |
| 710 ## - ADDED ENTRY--CORPORATE NAME |
| Corporate name or jurisdiction name as entry element |
სავლე წერეთლის ფილოსიფიის ინ-ტი. |
| 9 (RLIN) |
5685 |
| 942 ## - ADDED ENTRY ELEMENTS (KOHA) |
| Koha item type |
წიგნი |
| Source of classification or shelving scheme |
|